Vplyv politicko-ekonomického cyklu na verejné výdavky na Slovensku a v Českej Republike bakalárska práca

Guardado en:
Detalles Bibliográficos
Autor principal: Poláček, Ondrej
Autor Corporativo: Národohospodárska fakulta EU. Katedra financií
Otros Autores: Solej, Rastislav, 1997-
Formato: Libro
Lenguaje:eslovaco
Publicado: Bratislava 2023
Etiquetas: Agregar Etiqueta
Sin Etiquetas, Sea el primero en etiquetar este registro!

MARC

LEADER 00000nbm a2200000 4500
001 0294589
005 20231115142048.5
041 0 |a slo 
044 |a SK 
245 1 0 |a Vplyv politicko-ekonomického cyklu na verejné výdavky na Slovensku a v Českej Republike  |b bakalárska práca  |c Ondrej Poláček ; školiteľ: Rastislav Solej 
264 1 |a Bratislava  |c 2023 
300 |a 41 s. 
100 1 |a Poláček, Ondrej 
700 1 |a Solej, Rastislav, 1997- 
710 2 |a Národohospodárska fakulta EU. Katedra financií